УИРС "Тепловые электрические станции". Часть 1: электронный курс

Xehetasun bibliografikoak
Egile nagusia: Лавриненко С. В. Сергей Викторович
Erakunde egilea: Национальный исследовательский Томский политехнический университет Инженерная школа энергетики Научно-образовательный центр И. Н. Бутакова (НОЦ И. Н. Бутакова)
Gaia:Заглавие с экрана
Дисциплина «Учебно-исследовательская работа студентов» (УИРС) направлена на формирование базовых знаний и комплекса умений, необходимых для решения задач инженерной деятельности; усиление мотивации к получению знаний и умений в области теплоэнергетики и теплотехники. УИРС является неотъемлемой составной частью подготовки высококвалифицированных специалистов, имеющих навыки самостоятельной исследовательской работы.
Доступ по логину и паролю
Hizkuntza:errusiera
Argitaratua: Томск, TPU Moodle, 2018
Gaiak:
Sarrera elektronikoa:https://design.lms.tpu.ru/course/view.php?id=2530
Formatua: Baliabide elektronikoa Liburua
KOHA link:https://koha.lib.tpu.ru/cgi-bin/koha/opac-detail.pl?biblionumber=658485

MARC

LEADER 00000nlm0a2200000 4500
001 658485
005 20231214130743.0
035 |a (RuTPU)RU\TPU\network\26378 
090 |a 658485 
100 |a 20181018d2018 m y0rusy50 ca 
101 0 |a rus 
102 |a RU 
105 |a a j 000zy 
135 |a jrcn ---uucaa 
181 0 |a i  
182 0 |a b 
200 1 |a УИРС "Тепловые электрические станции". Часть 1  |e электронный курс  |f С. В. Лавриненко  |g Национальный исследовательский Томский политехнический университет, Инженерная школа энергетики, Научно-образовательный центр И. Н. Бутакова (НОЦ И. Н. Бутакова) 
203 |a Текст  |c электронный 
210 |a Томск  |c TPU Moodle  |d 2018 
300 |a Заглавие с экрана 
330 |a Дисциплина «Учебно-исследовательская работа студентов» (УИРС) направлена на формирование базовых знаний и комплекса умений, необходимых для решения задач инженерной деятельности; усиление мотивации к получению знаний и умений в области теплоэнергетики и теплотехники. УИРС является неотъемлемой составной частью подготовки высококвалифицированных специалистов, имеющих навыки самостоятельной исследовательской работы. 
333 |a Доступ по логину и паролю 
606 1 |a Тепловые электрические станции  |2 stltpush  |3 (RuTPU)RU\TPU\subj\59599  |9 77109 
610 1 |a электронный ресурс 
610 1 |a труды учёных ТПУ 
610 1 |a электронные учебные пособия 
610 1 |a учебные пособия 
610 1 |a Moodle 
610 1 |a e-learning 
610 1 |a УИРС 
610 1 |a теплоэнергетика 
610 1 |a теплотехника 
675 |a 621.311.22  |v 4 
700 1 |a Лавриненко  |b С. В.  |c специалист в области теплоэнергетики  |c старший преподаватель Томского политехнического университета  |f 1986-  |g Сергей Викторович  |3 (RuTPU)RU\TPU\pers\30132  |9 14537 
712 0 2 |a Национальный исследовательский Томский политехнический университет  |b Инженерная школа энергетики  |b Научно-образовательный центр И. Н. Бутакова (НОЦ И. Н. Бутакова)  |3 (RuTPU)RU\TPU\col\23504 
801 2 |a RU  |b 63413507  |c 20220111  |g RCR 
856 4 |u https://design.lms.tpu.ru/course/view.php?id=2530 
942 |c CF